Sports Quiz

Random Sports or Letter Quiz

Concentrated Sport Teams Quiz Stats

Quiz not verified by Sporcle

Challenge
Share
Tweet
Each clue is the name of a Big 4 sport team (NFL, NBA, MLB, NHL) with all repeating letters removed, then the remaining letters put in alphabetical order. Example: If "Supersonics" were concentrated, it would become "CEINOPRSU".
Score 0/64 Timer 09:00
0 Plays Today
Concentrated Sport Team Full Sport Team % Correct
Sport Team LocationsDallas
90.7%
Sport Team LocationsDenver
89.8%
Sport Team LocationsMiami
88.4%
Sport Team LocationsPhoenix
87.5%
Sport Team LocationsChicago
86.6%
Sport Team LocationsAtlanta
80.6%
Sport Team LocationsHouston
80.1%
Sport Team NicknamesBills
77.8%
Sport Team Locations (cont.)Philadelphia
76.4%
Sport Team Locations (cont.)Detroit
75.9%
Sport Team Locations (cont.)Washington
73.1%
Sport Team Locations (cont.)Boston
72.7%
Sport Team NicknamesHeat
69%
Sport Team Nicknames (cont.)Suns
68.5%
Sport Team LocationsNew York
68.1%
Sport Team Nicknames (cont.)Titans/Saints
68.1%
Sport Team Nicknames (cont.)Wild
67.6%
Sport Team Locations (cont.)Toronto
65.7%
Sport Team NicknamesCubs
64.8%
Sport Team LocationsOttawa
64.4%
Sport Team LocationsPittsburgh
63%
Sport Team NicknamesBulls
61.1%
Sport Team NicknamesCeltics
60.2%
Sport Team NicknamesOrioles/Oilers
59.7%
Sport Team NicknamesSteelers
58.8%
Sport Team LocationsSeattle
57.9%
Sport Team LocationsMemphis
57.9%
Sport Team Nicknames (cont.)Phillies
56.5%
Sport Team Nicknames (cont.)Vikings
56.5%
Sport Team LocationsCincinnati
55.1%
Sport Team Locations (cont.)Oakland
54.6%
Sport Team NicknamesBroncos
54.2%
Concentrated Sport Team Full Sport Team % Correct
Sport Team LocationsSan Diego
53.2%
Sport Team NicknamesFlyers
53.2%
Sport Team NicknamesCowboys
51.9%
Sport Team Locations (cont.)San Francisco
50.9%
Sport Team Locations (cont.)Portland
50.9%
Sport Team Locations (cont.)Vancouver
49.5%
Sport Team NicknamesBlackhawks
48.6%
Sport Team Nicknames (cont.)Lightning
47.2%
Sport Team NicknamesIndians
46.8%
Sport Team LocationsOrlando
46.3%
Sport Team NicknamesCanadiens
45.8%
Sport Team Nicknames (cont.)Brewers
45.8%
Sport Team LocationsSaint Louis
45.4%
Sport Team NicknamesSeahawks
44%
Sport Team NicknamesYankees
42.6%
Sport Team Nicknames (cont.)Trail blazers
42.1%
Sport Team Nicknames (cont.)Grizzlies
42.1%
Sport Team Locations (cont.)Baltimore
41.7%
Sport Team Locations (cont.)Indianapolis
39.8%
Sport Team Locations (cont.)Green Bay
38.9%
Sport Team Locations (cont.)Oklahoma City
38.9%
Sport Team Nicknames (cont.)Canucks
38.9%
Sport Team Locations (cont.)Cleveland
38%
Sport Team Locations (cont.)Kansas City
36.1%
Sport Team Locations (cont.)Montreal
35.6%
Sport Team Nicknames (cont.)Dodgers
30.6%
Sport Team Nicknames (cont.)Buccaneers
30.1%
Sport Team Nicknames (cont.)Bobcats
25.5%
Sport Team Nicknames (cont.)Maple Leafs
25.5%
Sport Team NicknamesNuggets
23.6%
Sport Team Nicknames (cont.)Coyotes
19.9%
Sport Team Nicknames (cont.)Nationals
14.4%

You're not logged in!

Compare scores with friends on all Sporcle quizzes.
Sign Up with Email
OR
Log In

You Might Also Like...

Show Comments

Extras

Top Quizzes Today


Score Distribution

Your Account Isn't Verified!

In order to create a playlist on Sporcle, you need to verify the email address you used during registration. Go to your Sporcle Settings to finish the process.

Report this User

Report this user for behavior that violates our Community Guidelines.

Details: